বাংলাদেশের জেলা-উপজেলার নামকরণ ও ঐতিহ্য / (Record no. 7211)
[ view plain ]
| 000 -LEADER | |
|---|---|
| fixed length control field | 00759nam a2200217 a 4500 |
| 001 - CONTROL NUMBER | |
| JCCL Control Number | 7211 |
| 003 - CONTROL NUMBER IDENTIFIER | |
| JCCL marc code | BD-JhCC |
| 005 - DATE AND TIME OF LATEST TRANSACTION | |
| control field | 20180206130723.0 |
| 008 - FIXED-LENGTH DATA ELEMENTS--GENERAL INFORMATION | |
| fixed length control field | 180206s2007 bg b|||| || | 001 0 ben d |
| 035 ## - SYSTEM CONTROL NUMBER | |
| system control number | (BD-JhCC)7211 |
| 040 ## - CATALOGING SOURCE | |
| Original cataloging agency | BD-JhCC |
| Modifying agency | BD-JhCC |
| 041 ## - LANGUAGE CODE | |
| Language code of Book | ben |
| 082 ## - DEWEY DECIMAL CLASSIFICATION NUMBER | |
| Classification number | 954.92 |
| Author mark and Year | NUR 2007 |
| 100 ## - MAIN ENTRY--PERSONAL NAME | |
| Personal name | নূরুজ্জামান, মোহাম্মদ |
| 245 ## - TITLE STATEMENT | |
| Title | বাংলাদেশের জেলা-উপজেলার নামকরণ ও ঐতিহ্য / |
| Statement of responsibility, etc | মোহাম্মদ নূরুজ্জামান, |
| 260 ## - PUBLICATION, DISTRIBUTION, ETC. (IMPRINT) | |
| Place of publication, distribution, etc | ঢাকা : |
| Name of publisher, distributor, etc | মাওলা ব্রাদার্স, |
| Date of publication, distribution, etc | 2007 |
| 300 ## - PHYSICAL DESCRIPTION | |
| Pagination | 397 p. : |
| Dimensions | 22 cm. |
| 650 ## - SUBJECT ADDED ENTRY--TOPICAL TERM | |
| Topical term or geographic name as entry element | Heritahe Palce |
| Geographic subdivision | Bangladesh |
| 942 ## - ADDED ENTRY ELEMENTS (KOHA) | |
| Source of classification or shelving scheme | Dewey Decimal Classification |
| Koha item type | Books |
| Source of classification or shelving scheme | Damaged status | Not for loan | Home library | Current library | Shelving location | Date of accession | Cost, normal purchase price | Total Checkouts | Full call number | Barcode | Date last seen | Date checked out | Copy number | Koha item type |
|---|---|---|---|---|---|---|---|---|---|---|---|---|---|---|
| Dewey Decimal Classification | JCC Rouf Library | JCC Rouf Library | General Stacks | 02/06/2018 | 400.00 | 1 | 954.92 NUR 2007 | 9705 | 09/04/2023 | 08/28/2023 | C-1 | Books |